Statistics for Municipalities of Cuba with a Map

Click here to take the quiz!

General Stats

  • This quiz has been taken 267 times
  • The average score is 56 of 168

Answers on the Map

Answers color-coded by a green-red scale on the quiz's map according to % correct below.
 

Answer Stats

ProvinceMunicipality% Correct
Santiago de CubaSantiago de Cuba
72%
Isla de la JuventudIsla de la Juventud
67%
GuantánamoGuantánamo
64%
Villa ClaraSanta Clara
59%
CamagüeyCamagüey
55%
Pinar del RíoPinar del Río
55%
CienfuegosCienfuegos
53%
MatanzasMatanzas
53%
Pinar del RíoSan Juan y Martínez
53%
Santiago de CubaSongo - La Maya
52%
Las TunasLas Tunas
47%
ArtemisaArtemisa
45%
HolguínHolguín
45%
Pinar del RíoLa Palma
45%
Pinar del RíoViñales
45%
MatanzasCárdenas
43%
GranmaBayamo
41%
HavanaCentro Habana
41%
MatanzasColón
41%
MayabequeGüines
41%
ArtemisaMariel
41%
Ciego de ÁvilaMorón
41%
HavanaOld Havana
41%
Villa ClaraQuemado de Güines
41%
Sancti SpíritusSancti Spíritus
41%
Pinar del RíoSandino
41%
Sancti SpíritusTrinidad
41%
GuantánamoBaracoa
40%
MayabequeBatabanó
40%
Ciego de ÁvilaCiego de Ávila
40%
MatanzasCiénaga de Zapata
40%
Pinar del RíoConsolación del Sur
40%
CamagüeyFlorida
40%
HavanaPlaya
40%
ArtemisaBauta
38%
Las TunasColombia
38%
Pinar del RíoGuane
38%
Pinar del RíoLos Palacios
38%
GranmaManzanillo
38%
HolguínMoa
38%
Villa ClaraSagua la Grande
38%
ArtemisaSan Cristóbal
38%
MayabequeSan José de las Lajas
38%
ArtemisaCandelaria
36%
ArtemisaGüira de Melena
36%
CamagüeyMinas
36%
HavanaPlaza de la Revolución
36%
Santiago de CubaSan Luis
36%
Pinar del RíoSan Luís
36%
Villa ClaraSanto Domingo
36%
ArtemisaBahía Honda
34%
MayabequeBejucal
34%
MatanzasJagüey Grande
34%
MatanzasJovellanos
34%
Villa ClaraManicaragua
34%
Pinar del RíoMantua
34%
MatanzasMartí
34%
MayabequeMelena del Sur
34%
Pinar del RíoMinas de Matahambre
34%
Santiago de CubaPalma Soriano
34%
ArtemisaSan Antonio de los Baños
34%
MayabequeSanta Cruz del Norte
34%
GranmaYara
34%
ArtemisaAlquízar
33%
HolguínBanes
33%
HavanaBoyeros
33%
Villa ClaraCaibarién
33%
ArtemisaCaimito
33%
MatanzasCalimete
33%
HavanaCerro
33%
HavanaGuanabacoa
33%
HavanaLa Habana del Este
33%
GuantánamoMaisí
33%
HavanaMarianao
33%
Ciego de ÁvilaVenezuela
33%
HavanaArroyo Naranjo
31%
Sancti SpíritusCabaiguán
31%
Villa ClaraCamajuaní
31%
Santiago de CubaContramaestre
31%
CienfuegosCumanayagua
31%
HavanaDiez de Octubre
31%
CamagüeyEsmeralda
31%
ArtemisaGuanajay
31%
HavanaLa Lisa
31%
MatanzasLos Arabos
31%
HolguínMayarí
31%
Villa ClaraPlacetas
31%
Las TunasPuerto Padre
31%
MayabequeQuivicán
31%
HavanaRegla
31%
Ciego de ÁvilaBolivia
29%
GuantánamoCaimanera
29%
GranmaCampechuela
29%
HavanaCotorro
29%
CienfuegosCruces
29%
Ciego de ÁvilaFlorencia
29%
HolguínGibara
29%
CamagüeyGuáimaro
29%
Sancti SpíritusJatibonico
29%
MayabequeMadruga
29%
GranmaNiquero
29%
MayabequeNueva Paz
29%
CamagüeyNuevitas
29%
MatanzasPedro Betancourt
29%
MatanzasPerico
29%
Ciego de ÁvilaPrimero de Enero
29%
MayabequeSan Nicolás
29%
CamagüeySanta Cruz del Sur
29%
CienfuegosSanta Isabel de las Lajas
29%
Sancti SpíritusYaguajay
29%
CienfuegosAbreus
28%
CienfuegosAguada de Pasajeros
28%
Las TunasAmancio
28%
Ciego de ÁvilaBaraguá
28%
GranmaBartolomé Masó
28%
GranmaBuey Arriba
28%
HolguínCacocum
28%
HolguínCalixto García
28%
CamagüeyCarlos Manuel de Céspedes
28%
Ciego de ÁvilaChambas
28%
Villa ClaraCifuentes
28%
Ciego de ÁvilaCiro Redondo
28%
Villa ClaraCorralillo
28%
GuantánamoEl Salvador
28%
Villa ClaraEncrucijada
28%
Sancti SpíritusFomento
28%
HolguínFrank País
28%
Santiago de CubaGuamá
28%
GuantánamoImías
28%
MayabequeJaruco
28%
Las TunasJobabo
28%
Sancti SpíritusLa Sierpe
28%
MatanzasLimonar
28%
Ciego de ÁvilaMajagua
28%
Las TunasManatí
28%
GranmaMedia Luna
28%
CienfuegosPalmira
28%
GranmaPilón
28%
Villa ClaraRanchuelo
28%
Villa ClaraRemedios
28%
CienfuegosRodas
28%
HavanaSan Miguel del Padrón
28%
Santiago de CubaSegundo Frente
28%
CamagüeySibanicú
28%
CamagüeySierra de Cubitas
28%
Sancti SpíritusTaguasco
28%
MatanzasUnión de Reyes
28%
CamagüeyVertientes
28%
GuantánamoYateras
28%
HolguínAntilla
26%
GranmaCauto Cristo
26%
HolguínCueto
26%
Las TunasJesús Menéndez
26%
GranmaJiguaní
26%
CamagüeyJimaguayú
26%
Las TunasMajibacoa
26%
Santiago de CubaMella
26%
CamagüeyNajasa
26%
HolguínRafael Freyre
26%
GranmaRío Cauto
26%
HolguínSagua de Tánamo
26%
Santiago de CubaTercer Frente
26%
HolguínUrbano Noris
26%
HolguínBáguanos
24%
GranmaGuisa
24%
GuantánamoManuel Tames
24%
GuantánamoNiceto Pérez
24%
GuantánamoSan Antonio del Sur
24%

Score Distribution

Percentile by Number Answered

Percent of People with Each Score

Your Score History

You have not taken this quiz